| 000 | 00476nam a2200205Ia 4500 | ||
|---|---|---|---|
| 003 | 0100 | ||
| 008 | 130227s9999 xx 000 0 und d | ||
| 040 | _cARRUPELIB | ||
| 050 | _aLC268.H838 | ||
| 100 | _aHoughton, Brenda | ||
| 245 | 4 | _aThe good child | |
| 245 | _bhow to instil a sense of right and wrong in your child | ||
| 260 | _aLondon | ||
| 260 | _bHeadline | ||
| 260 | _C1998 | ||
| 300 | _a278p. | ||
| 300 | _b 23 cm | ||
| 650 | _bBaptism | ||
| 942 |
_2lcc _014 |
||
| 999 |
_c2626 _d2626 |
||